ბათუმის შოთა რუსთაველის სახელმწიფო უნივერსიტეტის ბიბლიოთეკა

Thompson & Thompson genetics in medicine / (ბიბ.ჩანაწერი № 53643)

000 -LEADER
fixed length control field 01715cam a2200241 i 4500
001 - CONTROL NUMBER
control field 18525263
005 - DATE AND TIME OF LATEST TRANSACTION
control field 20221116140844.0
008 - FIXED-LENGTH DATA ELEMENTS--GENERAL INFORMATION
fixed length control field 150311t20162016paua b 001 0 eng
010 ## - LIBRARY OF CONGRESS CONTROL NUMBER
LC control number 2015009828
020 ## - INTERNATIONAL STANDARD BOOK NUMBER
International Standard Book Number 9781437706963X
041 ## - LANGUAGE CODE
Language code of text/sound track or separate title eng
080 ## - UNIVERSAL DECIMAL CLASSIFICATION NUMBER
Universal Decimal Classification number 579.2(075.8):61 G-36
100 1# - MAIN ENTRY--PERSONAL NAME
Personal name Nussbaum, Robert L.,
Dates associated with a name 1950- ,
Relator term author.
9 (RLIN) 7357
245 10 - TITLE STATEMENT
Title Thompson & Thompson genetics in medicine /
Statement of responsibility, etc. Robert L. Nussbaum,MD, FACP, FACMG, Holly Smith Chair of Medicine and Science, Professor of Medicine, Neurology, Pediatrics and Pathology, Department of Medicine and Institute for Human Genetics, University of California San Francisco, San Francisco, California, Roderick R. McInnes, CM, MD, PhD, FRS(C), FCAHS, FCCMG, Alva Chair in Human Genetics, Canada Ressearch Chair in Neurogenetics, Professor of Human Genetics and Biochemistry, Director, Lady Davis Institute, Jewish General Hospital, McGill University, Montreal, Quebec, Canada, Huntington F. Willard, PhD, President and Director, The Marine Biological Laboratory, Woods Hole, Massachusetts, and Professor of Human Genetics, University of Chicago, Chicago, Illinois ; with clinical cases updated by Ada Hamosh, MD, MPH, Professor of Pediatrics, McKusick-Nathans Institute of Genetic Medicine, Scientific Director, OMIM, Johns Hopkins University School of Medicine, Baltimore, Maryland.
250 ## - EDITION STATEMENT
Edition statement Eighth edition.
264 #4 - PRODUCTION, PUBLICATION, DISTRIBUTION, MANUFACTURE, AND COPYRIGHT NOTICE
Date of production, publication, distribution, manufacture, or copyright notice 2016.
Place of production, publication, distribution, manufacture Philadelphia :
Name of producer, publisher, distributor, manufacturer Elsevier,
300 ## - PHYSICAL DESCRIPTION
Extent xi, 546 pages :
Other physical details illustrations ;
Dimensions 28 cm.
653 ## - INDEX TERM--UNCONTROLLED
keyword გენეტიკა
653 ## - INDEX TERM--UNCONTROLLED
keyword მედიცინა
700 1# - ADDED ENTRY--PERSONAL NAME
Personal name McInnes, Roderick R.,
Relator term ავტორი
9 (RLIN) 7359
700 1# - ADDED ENTRY--PERSONAL NAME
Personal name Willard, Huntington F.,
Relator term ავტორი
9 (RLIN) 7360
942 ## - ADDED ENTRY ELEMENTS (KOHA)
Source of classification or shelving scheme
Koha item type წიგნი
ეგზემპლარები
Withdrawn status Lost status Source of classification or shelving scheme Damaged status Not for loan Permanent Location Current Location Shelving location Date acquired Cost, normal purchase price Full call number Barcode Date last seen Copy number Price effective from Koha item type Public note
          ბათუმის შოთა რუსთაველის სახელმწიფო უნივერსიტეტის მთავარი ბიბლიოთეკა ბათუმის შოთა რუსთაველის სახელმწიფო უნივერსიტეტის მთავარი ბიბლიოთეკა წიგნსაცავი 2018-12-17 135.00 61 N-94 53970 2018-12-17 53970 2018-12-17 წიგნი 135 ლ.
          ბათუმის შოთა რუსთაველის სახელმწიფო უნივერსიტეტის მთავარი ბიბლიოთეკა ბათუმის შოთა რუსთაველის სახელმწიფო უნივერსიტეტის მთავარი ბიბლიოთეკა წიგნსაცავი 2018-12-17 135.00 61 N-94 53971 2018-12-17 53971 2018-12-17 წიგნი 135 ლ.
          ბათუმის შოთა რუსთაველის სახელმწიფო უნივერსიტეტის მთავარი ბიბლიოთეკა ბათუმის შოთა რუსთაველის სახელმწიფო უნივერსიტეტის მთავარი ბიბლიოთეკა წიგნსაცავი 2018-12-17 135.00 61 N-94 53972 2018-12-17 53972 2018-12-17 წიგნი 135 ლ.
          ბათუმის შოთა რუსთაველის სახელმწიფო უნივერსიტეტის მთავარი ბიბლიოთეკა ბათუმის შოთა რუსთაველის სახელმწიფო უნივერსიტეტის მთავარი ბიბლიოთეკა წიგნსაცავი 2018-12-17 135.00 61 N-94 53973 2018-12-17 53973 2018-12-17 წიგნი 135 ლ.
          ბათუმის შოთა რუსთაველის სახელმწიფო უნივერსიტეტის მთავარი ბიბლიოთეკა ბათუმის შოთა რუსთაველის სახელმწიფო უნივერსიტეტის მთავარი ბიბლიოთეკა წიგნსაცავი 2018-12-17 135.00 61 N-94 53974 2018-12-17 53974 2018-12-17 წიგნი 135 ლ.
          ბათუმის შოთა რუსთაველის სახელმწიფო უნივერსიტეტის მთავარი ბიბლიოთეკა ბათუმის შოთა რუსთაველის სახელმწიფო უნივერსიტეტის მთავარი ბიბლიოთეკა წიგნსაცავი 2018-12-17 135.00 61 N-94 53975 2018-12-17 53975 2018-12-17 წიგნი 135 ლ.